[Event "Florianopolis op 9th"]
[Site "Florianopolis"]
[Date "2023.01.28"]
[Round "9"]
[White "Mesquita, Arnaldo Leite"]
[Black "Marocco, Gabriel Leao Quadro"]
[Result "0-1"]
[WhiteElo "1760"]
[BlackElo "1598"]
[PlyCount "66"]
[EventDate "2023.01.23"]
[EventType "swiss"]
[EventRounds "10"]
[EventCountry "BRA"]
[SourceTitle "CBM 212 Extra"]
[Source "ChessBase"]
[SourceDate "2023.03.31"]
[SourceVersion "1"]
[SourceVersionDate "2023.03.31"]
[SourceQuality "1"]

1. Nf3 Nf6 2. c4 g6 3. g3 Bg7 4. Bg2 c6 5. Nc3 d5 6. cxd5 Nxd5 7. 0-0 0-0 8. d4 b6 9. e4 Nxc3 10. bxc3 Bb7 11. Qb3 Qc8 12. Bb2 c5 13. Ng5 h6 14. Bh3 Qe8 15. Nxf7 Rxf7 16. Be6 Kf8 17. d5 Rf6 18. c4 Rxe6 19. Bxg7+ Kxg7 20. dxe6 Nc6 21. f4 Nd4 22. Qe3 Qc6 23. Rae1 Qxe6 24. Rf2 Rf8 25. f5 gxf5 26. exf5 Qxe3 27. Rxe3 Nxf5 28. Re5 Bc8 29. g4 Nd6 30. Rxe7+ Rf7 31. Rfxf7+ Nxf7 32. h3 Kf6 33. Rxa7 Nd6 0-1

[Event "Florianopolis op 9th"]
[Site "Florianopolis"]
[Date "2023.01.23"]
[Round "1"]
[White "Rodriguez, Mathias"]
[Black "Marocco, Gabriel Leao Quadro"]
[Result "1-0"]
[WhiteElo "2207"]
[BlackElo "1598"]
[PlyCount "87"]
[EventDate "2023.01.23"]
[EventType "swiss"]
[EventRounds "10"]
[EventCountry "BRA"]
[SourceTitle "CBM 212 Extra"]
[Source "ChessBase"]
[SourceDate "2023.03.31"]
[SourceVersion "1"]
[SourceVersionDate "2023.03.31"]
[SourceQuality "1"]

1. e4 c5 2. Nf3 d6 3. d4 cxd4 4. Nxd4 Nf6 5. Nc3 a6 6. f4 b5 7. Bd3 Bb7 8. Qf3 e6 9. 0-0 Be7 10. Bd2 0-0 11. Qh3 Nbd7 12. Rae1 Nc5 13. b4 Nxd3 14. cxd3 Rc8 15. Rc1 Qd7 16. a3 Rc7 17. Nce2 Rfc8 18. Rcd1 Qd8 19. Qg3 Nd7 20. Be3 Bf6 21. Rd2 Qe8 22. Qg4 Kh8 23. Ng3 Rc1 24. Nde2 Rxf1+ 25. Nxf1 e5 26. Nfg3 exf4 27. Nxf4 Ne5 28. Qe2 g6 29. Rd1 Rc3 30. Rf1 Bg7 31. Kh1 Qc8 32. Bd4 Rc1 33. Qb2 Rxf1+ 34. Nxf1 Qg4 35. Qd2 Kg8 36. h3 Qg5 37. Be3 Qf6 38. Ng3 Qh4 39. Nfe2 Qe7 40. Bd4 Nc6 41. Bxg7 Kxg7 42. Nf4 Ne5 43. Nfh5+ gxh5 44. Nf5+ 1-0

[Event "Niteroi op 2nd"]
[Site "Niteroi"]
[Date "2022.09.07"]
[Round "9"]
[White "Cardoso, Marcio de Lucca"]
[Black "Marocco, Gabriel Leao Quadro"]
[Result "1/2-1/2"]
[WhiteElo "1802"]
[BlackElo "1482"]
[PlyCount "70"]
[EventDate "2022.09.01"]
[EventType "swiss"]
[EventRounds "9"]
[EventCountry "BRA"]
[SourceTitle "EXT 2024"]
[Source "ChessBase"]
[SourceDate "2023.10.10"]
[SourceVersion "1"]
[SourceVersionDate "2023.10.10"]
[SourceQuality "1"]

1. e4 c5 2. Nf3 d6 3. d4 cxd4 4. Nxd4 Nf6 5. Nc3 a6 6. Be2 e6 7. Be3 Be7 8. g4 Qc7 9. g5 Nfd7 10. f4 Nc5 11. h4 b5 12. a3 Bb7 13. Bf3 Nbd7 14. Qe2 Nb6 15. Rd1 Nc4 16. Bc1 Rd8 17. Kf1 Nd7 18. Na2 Nb8 19. Nb4 Na5 20. b3 Nac6 21. Ndxc6 Nxc6 22. Nxc6 Qxc6 23. Bb2 Rg8 24. Rd3 Rc8 25. Rh2 Bd8 26. Qd1 Bc7 27. Qa1 Kf8 28. Qd1 Bb8 29. Bc3 Ke8 30. Bb4 Rd8 31. Rhd2 Qc8 32. Bxd6 Bxd6 33. Rxd6 Rxd6 34. Rxd6 Ke7 35. e5 h5 1/2-1/2

[Event "Niteroi op 2nd"]
[Site "Niteroi"]
[Date "2022.09.01"]
[Round "1"]
[White "Boff, Lucas Strauss"]
[Black "Marocco, Gabriel Leao Quadro"]
[Result "1-0"]
[WhiteElo "2043"]
[BlackElo "1482"]
[PlyCount "73"]
[EventDate "2022.09.01"]
[EventType "swiss"]
[EventRounds "9"]
[EventCountry "BRA"]
[SourceTitle "CBM 210 Extra"]
[Source "ChessBase"]
[SourceDate "2022.11.30"]
[SourceVersion "1"]
[SourceVersionDate "2022.11.30"]
[SourceQuality "1"]

1. Nf3 Nf6 2. c4 g6 3. Nc3 d5 4. cxd5 Nxd5 5. e4 Nxc3 6. dxc3 Qxd1+ 7. Kxd1 Nd7 8. Bf4 c6 9. Bc4 f6 10. h4 e5 11. Be3 Bc5 12. Ke2 Ke7 13. h5 Bxe3 14. Kxe3 g5 15. Ne1 Nc5 16. b4 Na4 17. Rc1 a5 18. Nd3 Be6 19. Bxe6 Kxe6 20. Nc5+ Nxc5 21. bxc5 Ra6 22. Rb1 Rb8 23. Rhd1 b5 24. Rd6+ Ke7 25. Rbd1 Rb7 26. Rd8 Kf7 27. R8d7+ Rxd7 28. Rxd7+ Kg8 29. h6 b4 30. Rg7+ Kh8 31. Rb7 Kg8 32. Rb6 Ra7 33. Rxc6 Kf7 34. Kd3 Rd7+ 35. Rd6 Rxd6+ 36. cxd6 Ke6 37. cxb4 1-0

[Event "Caxambu Casa do Xadrez op"]
[Site "Caxambu"]
[Date "2022.07.24"]
[Round "5"]
[White "Negri, Daniel Julio S"]
[Black "Marocco, Gabriel Leao Quadro"]
[Result "0-1"]
[WhiteElo "1775"]
[BlackElo "1453"]
[PlyCount "124"]
[EventDate "2022.07.22"]
[EventType "swiss"]
[EventRounds "6"]
[EventCountry "BRA"]
[SourceTitle "CBM 209 Extra"]
[Source "ChessBase"]
[SourceDate "2022.09.30"]
[SourceVersion "1"]
[SourceVersionDate "2022.09.30"]
[SourceQuality "1"]

1. d4 Nf6 2. Nf3 g6 3. c4 d5 4. cxd5 Nxd5 5. e4 Nb6 6. Be2 Bg7 7. 0-0 Nc6 8. d5 Ne5 9. Nxe5 Bxe5 10. f4 Bg7 11. Qc2 e6 12. dxe6 Bxe6 13. Rd1 Qe7 14. Be3 0-0 15. Nd2 c6 16. a4 Nd7 17. Kh1 Nf6 18. Bc5 Qc7 19. Bxf8 Rxf8 20. Rf1 Re8 21. h3 a6 22. Rab1 Qd8 23. b4 Qd7 24. Kh2 Rd8 25. Rfd1 Bh6 26. g3 Qd4 27. Nf3 Qf2+ 28. Kh1 Rxd1+ 29. Bxd1 Qxg3 30. Qh2 Qxh2+ 31. Nxh2 Nxe4 32. Bf3 Bd5 33. Kg2 Nd2 34. Re1 Nxf3 35. Nxf3 Bxf4 36. Re7 b5 37. axb5 axb5 38. Kf2 Bd6 39. Re8+ Kg7 40. Rd8 Bxb4 41. Ke3 Kf6 42. Kf4 Be7 43. Ra8 h5 44. Nd4 b4 45. Ne2 c5 46. Rc8 c4 47. Nd4 b3 48. Ke3 Ke5 49. Re8 b2 50. Rxe7+ Kf6 51. Rd7 b1Q 52. Rxd5 Qd3+ 53. Kf2 c3 54. Rd8 c2 55. Nxc2 Qxd8 56. Ne3 Kg5 57. Kf3 Qf6+ 58. Ke2 Qe5 59. Kf3 Qxe3+ 60. Kxe3 Kh4 61. Kf2 Kxh3 62. Kf3 g5 0-1

[Event "Rio de Janeiro op"]
[Site "Rio de Janeiro"]
[Date "2022.04.24"]
[Round "6"]
[White "Marocco, Gabriel Leao Quadro"]
[Black "Pereira, Pedro Nunes"]
[Result "1/2-1/2"]
[WhiteElo "1443"]
[BlackElo "1820"]
[PlyCount "117"]
[EventDate "2022.04.21"]
[EventType "swiss"]
[EventRounds "6"]
[EventCountry "BRA"]
[SourceTitle "EXT 2023"]
[Source "ChessBase"]
[SourceDate "2022.10.05"]
[SourceVersion "1"]
[SourceVersionDate "2022.10.05"]
[SourceQuality "1"]

1. e4 c6 2. d4 d5 3. Nc3 dxe4 4. Nxe4 Bf5 5. Ng3 Bg6 6. Nf3 Nd7 7. Bd3 Bxd3 8. Qxd3 Ngf6 9. Ne4 g6 10. Nxf6+ Nxf6 11. Bg5 Bg7 12. Qe3 Qa5+ 13. Qd2 Qxd2+ 14. Bxd2 Nd5 15. c3 0-0-0 16. 0-0-0 h6 17. Rhe1 e6 18. Ne5 Rhf8 19. h4 Kc7 20. Kc2 Ne7 21. Bf4 Kc8 22. Nc4 Nd5 23. Bg3 Rd7 24. Rd3 Rfd8 25. Ne5 Bxe5 26. Bxe5 c5 27. Red1 f6 28. Bg3 cxd4 29. Rxd4 e5 30. R4d2 Ne7 31. f3 Rxd2+ 32. Rxd2 Rxd2+ 33. Kxd2 Kd7 34. Kd3 Nd5 35. a4 Ke6 36. Bh2 g5 37. hxg5 hxg5 38. g4 Nb6 39. b3 f5 40. c4 Nd7 41. gxf5+ Kxf5 42. b4 Nf6 43. c5 g4 44. fxg4+ Nxg4 45. Bg1 Kf4 46. b5 e4+ 47. Kd4 e3 48. Bxe3+ Nxe3 49. c6 bxc6 50. bxc6 Nf5+ 51. Kc5 Ke5 52. Kb5 Ne7 53. c7 Kd6 54. Ka6 Nc8 55. Kb7 Kd7 56. a5 Nd6+ 57. Kxa7 Kxc7 58. Ka6 Kc6 59. Ka7 1/2-1/2

[Event "Florianopolis op 8th"]
[Site "Florianopolis"]
[Date "2022.01.26"]
[Round "4"]
[White "Marocco, Gabriel Leao Quadro"]
[Black "Hubner, Jessica Trindade"]
[Result "1/2-1/2"]
[WhiteElo "1410"]
[BlackElo "1752"]
[PlyCount "62"]
[EventDate "2022.01.24"]
[EventType "swiss"]
[EventRounds "10"]
[EventCountry "BRA"]
[SourceTitle "CBM 206 Extra"]
[Source "ChessBase"]
[SourceDate "2022.03.31"]
[SourceVersion "1"]
[SourceVersionDate "2022.03.31"]
[SourceQuality "1"]

1. e4 c5 2. Nf3 Nc6 3. d4 cxd4 4. Nxd4 g6 5. Bc4 Nf6 6. Nc3 Bg7 7. Be3 0-0 8. Bb3 d6 9. f3 a6 10. Qd2 Qc7 11. 0-0-0 b5 12. h4 Nxd4 13. Bxd4 b4 14. Bxf6 bxc3 15. Qxc3 Bh6+ 16. Bg5 Qxc3 17. bxc3 Bxg5+ 18. hxg5 Kg7 19. Rh6 Bb7 20. e5 Rad8 21. e6 d5 22. Rdh1 Rh8 23. exf7 Rdf8 24. c4 e6 25. cxd5 exd5 26. c4 Rxf7 27. cxd5 Rd7 28. Bc2 Rd6 29. Be4 Bxd5 30. Bxd5 Rxd5 31. f4 a5 1/2-1/2

[Event "Araruama op 1st"]
[Site "Araruama"]
[Date "2021.06.04"]
[Round "3"]
[White "Marocco, Gabriel Leao Quadro"]
[Black "De Freitas, Isabella Ribeiro Co"]
[Result "0-1"]
[WhiteElo "1332"]
[BlackElo "1881"]
[PlyCount "82"]
[EventDate "2021.06.02"]
[EventType "tourn"]
[EventRounds "6"]
[EventCountry "BRA"]
[SourceTitle "CBM 203 Extra"]
[Source "ChessBase"]
[SourceDate "2021.09.30"]
[SourceVersion "1"]
[SourceVersionDate "2021.09.30"]
[SourceQuality "1"]

1. e4 c5 2. Nf3 e6 3. d4 cxd4 4. Nxd4 a6 5. Bc4 b5 6. Bb3 Bb7 7. Nc3 b4 8. Na4 Bxe4 9. 0-0 Nf6 10. Be3 Be7 11. Ne2 Nc6 12. Nb6 Rb8 13. Nc4 0-0 14. f3 Bd5 15. Nf4 Bxc4 16. Bxc4 a5 17. Qe2 Qc7 18. Bb3 d5 19. Nd3 Nd7 20. f4 Bf6 21. f5 Bd4 22. Kh1 Bxe3 23. Qxe3 Qa7 24. Qg5 h6 25. Qg4 Nf6 26. Qh3 a4 27. fxe6 axb3 28. axb3 Qe7 29. exf7+ Rxf7 30. Nf4 Qd7 31. Qd3 Ne5 32. Qd4 Nc6 33. Qd3 Rbf8 34. Ng6 Re8 35. Qh3 Ne5 36. Qxd7 Rxd7 37. Nf4 Neg4 38. h3 Ne3 39. Rf2 Ne4 40. Rf3 Nxc2 41. Rc1 Nd4 0-1

[Event "Araruama op 1st"]
[Site "Araruama"]
[Date "2021.06.02"]
[Round "1"]
[White "Marocco, Gabriel Leao Quadro"]
[Black "Oliveira, Fernando Ventura"]
[Result "1-0"]
[WhiteElo "1332"]
[BlackElo "2049"]
[PlyCount "59"]
[EventDate "2021.06.02"]
[EventType "tourn"]
[EventRounds "6"]
[EventCountry "BRA"]
[SourceTitle "CBM 203 Extra"]
[Source "ChessBase"]
[SourceDate "2021.09.30"]
[SourceVersion "1"]
[SourceVersionDate "2021.09.30"]
[SourceQuality "1"]

1. e4 c5 2. Nf3 Nc6 3. d4 cxd4 4. Nxd4 g6 5. Bc4 Bg7 6. Be3 Nf6 7. f3 0-0 8. Nc3 d6 9. Bb3 Bd7 10. Qd2 Qa5 11. 0-0-0 Rfc8 12. g4 Ne5 13. h4 Nc4 14. Bxc4 Rxc4 15. h5 Rac8 16. Nb3 Qa6 17. hxg6 fxg6 18. Kb1 Be6 19. Qe1 Rxc3 20. bxc3 Bxg4 21. fxg4 Nxe4 22. Bd2 Rc4 23. Qh4 Nf6 24. Bh6 Bh8 25. Qh3 Rxg4 26. Rdf1 Qc4 27. Nd4 Re4 28. Qd3 Qd5 29. Qb5 Rxd4 30. Qe8+ 1-0

[Event "Florianopolis op 7th"]
[Site "Florianopolis"]
[Date "2021.01.24"]
[Round "10"]
[White "Marocco, Gabriel Leao Quadro"]
[Black "De Oliveira, Gualter Amelio"]
[Result "0-1"]
[WhiteElo "1228"]
[BlackElo "1491"]
[PlyCount "21"]
[EventDate "2021.01.18"]
[EventType "swiss"]
[EventRounds "10"]
[EventCountry "BRA"]
[SourceTitle "CBM 200 Extra"]
[Source "ChessBase"]
[SourceDate "2021.03.31"]
[SourceVersion "1"]
[SourceVersionDate "2021.03.31"]
[SourceQuality "1"]

1. e4 e5 2. Nf3 Bd6 3. Bc4 c6 4. d3 h6 5. c3 Bc7 6. Bb3 d6 7. 0-0 Nf6 8. Re1 0-0 9. Nfd2 Na6 10. Nf1 Nc5 11. Bc2 0-1

[Event "Florianopolis op 7th"]
[Site "Florianopolis"]
[Date "2021.01.21"]
[Round "6"]
[White "Marocco, Gabriel Leao Quadro"]
[Black "Cordioli, Jairo Ribeiro"]
[Result "1/2-1/2"]
[WhiteElo "1228"]
[BlackElo "1784"]
[PlyCount "28"]
[EventDate "2021.01.18"]
[EventType "swiss"]
[EventRounds "10"]
[EventCountry "BRA"]
[SourceTitle "CBM 200 Extra"]
[Source "ChessBase"]
[SourceDate "2021.03.31"]
[SourceVersion "1"]
[SourceVersionDate "2021.03.31"]
[SourceQuality "1"]

1. e4 c5 2. Nf3 d6 3. d4 cxd4 4. Nxd4 Nf6 5. Nc3 h6 6. Bc4 e6 7. Bd3 Nc6 8. b3 Be7 9. Be3 0-0 10. 0-0 Nb4 11. Qe1 Nxd3 12. cxd3 Bd7 13. Qd2 Kh8 14. b4 Rc8 1/2-1/2

[Event "Florianopolis op 7th"]
[Site "Florianopolis"]
[Date "2021.01.21"]
[Round "5"]
[White "Pessoa, Marcio de Souza"]
[Black "Marocco, Gabriel Leao Quadro"]
[Result "1-0"]
[WhiteElo "1848"]
[BlackElo "1228"]
[PlyCount "50"]
[EventDate "2021.01.18"]
[EventType "swiss"]
[EventRounds "10"]
[EventCountry "BRA"]
[SourceTitle "CBM 200 Extra"]
[Source "ChessBase"]
[SourceDate "2021.03.31"]
[SourceVersion "1"]
[SourceVersionDate "2021.03.31"]
[SourceQuality "1"]

1. d4 Nf6 2. Bf4 g6 3. Nf3 Bg7 4. e3 d6 5. h3 b6 6. Be2 Bb7 7. c4 Nbd7 8. Bh2 c5 9. Nc3 0-0 10. 0-0 Ne4 11. Nxe4 Bxe4 12. a4 Bb7 13. a5 Ba6 14. b4 cxb4 15. Qa4 d5 16. Qxb4 Rc8 17. axb6 Bxc4 18. b7 Rc7 19. Bxc7 Qxc7 20. Bxc4 dxc4 21. Rxa7 c3 22. Rc1 c2 23. Qb3 Rb8 24. Rxc2 Qb6 25. Rc8+ Bf8 1-0

[Event "Florianopolis op 7th"]
[Site "Florianopolis"]
[Date "2021.01.18"]
[Round "1"]
[White "Andreata, Mauro Antonio"]
[Black "Marocco, Gabriel Leao Quadro"]
[Result "1/2-1/2"]
[WhiteElo "1693"]
[BlackElo "1228"]
[PlyCount "75"]
[EventDate "2021.01.18"]
[EventType "swiss"]
[EventRounds "10"]
[EventCountry "BRA"]
[SourceTitle "CBM 200 Extra"]
[Source "ChessBase"]
[SourceDate "2021.03.31"]
[SourceVersion "1"]
[SourceVersionDate "2021.03.31"]
[SourceQuality "1"]

1. d4 Nf6 2. c4 g6 3. Nf3 Bg7 4. Nc3 d5 5. e3 0-0 6. Bd3 Be6 7. c5 Nc6 8. Qa4 Bd7 9. Qd1 Nb4 10. Bb1 Nc6 11. 0-0 Re8 12. a3 Bg4 13. h3 Bxf3 14. Qxf3 e5 15. dxe5 Nxe5 16. Qd1 c6 17. Ne2 Nfd7 18. Nd4 Nxc5 19. b4 Ne6 20. Bb2 Nc4 21. Bc3 Nxd4 22. Bxd4 Bxd4 23. Qxd4 Qe7 24. Rd1 Qe5 25. Bc2 Qxd4 26. Rxd4 b5 27. e4 Red8 28. exd5 Rxd5 29. Rxd5 cxd5 30. a4 bxa4 31. Rxa4 Rb8 32. f4 Nb2 33. Rxa7 Rxb4 34. f5 Kg7 35. fxg6 hxg6 36. Rd7 d4 37. Kf2 Rc4 38. Bb3 1/2-1/2

[Event "Bicas Copa dos Inconfidentes"]
[Site "Bicas"]
[Date "2020.10.17"]
[Round "2"]
[White "Marocco, Gabriel Leao Quadro"]
[Black "Cardoso, Marcio de Lucca"]
[Result "0-1"]
[WhiteElo "1208"]
[BlackElo "1888"]
[PlyCount "42"]
[EventDate "2020.10.17"]
[EventType "swiss"]
[EventRounds "5"]
[EventCountry "BRA"]
[SourceTitle "EXT 2022"]
[Source "ChessBase"]
[SourceDate "2021.10.06"]
[SourceVersion "1"]
[SourceVersionDate "2021.10.06"]
[SourceQuality "1"]

1. d4 Nf6 2. c4 c5 3. e3 e6 4. Nf3 Nc6 5. Nbd2 d5 6. Nb3 b6 7. dxc5 bxc5 8. Be2 Be7 9. 0-0 0-0 10. Qc2 Nb4 11. Qc3 Ne4 12. Qe5 Bf6 13. Qf4 Ba6 14. Nbd2 Nd6 15. a3 Nc6 16. Rb1 e5 17. Qg4 e4 18. Ne1 Ne5 19. Qg3 Ndxc4 20. b3 Nxd2 21. Bxd2 Bxe2 0-1

[Event "Bicas Copa dos Inconfidentes"]
[Site "Bicas"]
[Date "2020.10.17"]
[Round "1"]
[White "Sampaio, Andre Luiz"]
[Black "Marocco, Gabriel Leao Quadro"]
[Result "0-1"]
[WhiteElo "1718"]
[BlackElo "1208"]
[PlyCount "42"]
[EventDate "2020.10.17"]
[EventType "swiss"]
[EventRounds "5"]
[EventCountry "BRA"]
[SourceTitle "EXT 2022"]
[Source "ChessBase"]
[SourceDate "2021.10.06"]
[SourceVersion "1"]
[SourceVersionDate "2021.10.06"]
[SourceQuality "1"]

1. Nf3 Nf6 2. g3 g6 3. b3 Bg7 4. Bb2 d6 5. d4 Bf5 6. Bg2 c6 7. 0-0 0-0 8. Re1 d5 9. c4 e6 10. Nbd2 Ne4 11. Nh4 Nd7 12. Nxe4 Bxe4 13. f3 g5 14. fxe4 gxh4 15. exd5 cxd5 16. cxd5 hxg3 17. hxg3 Qb6 18. dxe6 fxe6 19. e4 e5 20. Qg4 Nf6 21. Rad1 Nxg4 0-1

[Event "Sao Joao del Rei op"]
[Site "Sao Joao del Rei"]
[Date "2020.02.08"]
[Round "2"]
[White "De Castro, Julio Marcio Moreir"]
[Black "Marocco, Gabriel Leao Quadro"]
[Result "1/2-1/2"]
[WhiteElo "1470"]
[BlackElo "1175"]
[PlyCount "27"]
[EventDate "2020.02.08"]
[EventType "swiss"]
[EventRounds "5"]
[EventCountry "BRA"]
[SourceTitle "CBM 195 Extra"]
[Source "ChessBase"]
[SourceDate "2020.05.31"]
[SourceVersion "1"]
[SourceVersionDate "2020.05.31"]
[SourceQuality "1"]

1. e4 c5 2. Nc3 a6 3. d3 d6 4. g3 b5 5. Bg2 Bb7 6. Be3 Nf6 7. h3 e6 8. Qd2 b4 9. Nd1 Be7 10. Ne2 Nbd7 11. 0-0 Nb6 12. f4 0-0 13. f5 exf5 14. Rxf5 1/2-1/2

[Event "Sao Joao del Rei op"]
[Site "Sao Joao del Rei"]
[Date "2020.02.08"]
[Round "1"]
[White "Marocco, Gabriel Leao Quadro"]
[Black "Barroso, Hugo Mazochi"]
[Result "0-1"]
[WhiteElo "1175"]
[BlackElo "1852"]
[PlyCount "28"]
[EventDate "2020.02.08"]
[EventType "swiss"]
[EventRounds "5"]
[EventCountry "BRA"]
[SourceTitle "CBM 195 Extra"]
[Source "ChessBase"]
[SourceDate "2020.05.31"]
[SourceVersion "1"]
[SourceVersionDate "2020.05.31"]
[SourceQuality "1"]

1. e4 c5 2. Nf3 g6 3. d4 cxd4 4. Nxd4 Nc6 5. h4 Nf6 6. Nc3 Bg7 7. Be3 0-0 8. Bc4 d6 9. f3 Qb6 10. Qd3 Ne5 11. Bxf7+ Rxf7 12. Qd2 Nc4 13. Qd3 Nxe3 14. Qxe3 Ng4 0-1

[Event "Sudeste/Centro-Oeste-ch U1600"]
[Site "Barbacena"]
[Date "2019.10.25"]
[Round "1"]
[White "Marocco, Gabriel Leao Quadro"]
[Black "Gomes, Joao Paulo Santos"]
[Result "1-0"]
[WhiteElo "1117"]
[BlackElo "1588"]
[PlyCount "64"]
[EventDate "2019.10.25"]
[EventType "swiss"]
[EventRounds "6"]
[EventCountry "BRA"]
[SourceTitle "CBM 193 Extra"]
[Source "ChessBase"]
[SourceDate "2020.01.31"]
[SourceVersion "1"]
[SourceVersionDate "2020.01.31"]
[SourceQuality "1"]

1. e4 c5 2. Nf3 d6 3. d4 cxd4 4. Nxd4 Nf6 5. Nc3 g6 6. Be3 Bg7 7. Be2 0-0 8. h4 Nc6 9. Nb3 Be6 10. h5 Rc8 11. g4 Ne5 12. f3 Bc4 13. Rh3 Bxe2 14. Qxe2 Nc4 15. 0-0-0 Nxe3 16. Qxe3 Qc7 17. h6 Bh8 18. g5 Nh5 19. Rd3 b5 20. Rh2 Bxc3 21. Rxc3 Qb8 22. Qd4 e5 23. Qd2 Qb6 24. Qe3 Qxe3+ 25. Rxe3 Nf4 26. Rd2 Rfd8 27. Na5 Rc7 28. Re1 Ne6 29. Nb3 Nxg5 30. Re3 Kf8 31. Red3 Ke7 32. Kd1 Nh3 1-0

[Event "Niteroi op 1st"]
[Site "Niteroi"]
[Date "2019.09.06"]
[Round "5"]
[White "Campos, Otavio Moraes"]
[Black "Marocco, Gabriel Leao Quadro"]
[Result "1-0"]
[WhiteElo "1672"]
[BlackElo "1133"]
[PlyCount "67"]
[EventDate "2019.09.04"]
[EventType "swiss"]
[EventRounds "7"]
[EventCountry "BRA"]
[SourceTitle "EXT 2020"]
[Source "ChessBase"]
[SourceDate "2019.10.17"]
[SourceVersion "1"]
[SourceVersionDate "2019.10.17"]
[SourceQuality "1"]

1. d4 d5 2. Nf3 Nf6 3. Bf4 Bf5 4. e3 c5 5. h3 h6 6. c3 e6 7. Bb5+ Nbd7 8. Qa4 a6 9. Be2 b5 10. Qd1 c4 11. Nbd2 Be7 12. Ne5 0-0 13. Nc6 Qe8 14. Nxe7+ Qxe7 15. g4 Bg6 16. f3 Nh7 17. h4 h5 18. Kf2 f6 19. Qg1 e5 20. dxe5 Nxe5 21. Qg3 Rae8 22. Rag1 hxg4 23. fxg4 Nd3+ 24. Bxd3 Bxd3 25. Bd6 Qe6 26. Bxf8 Rxf8 27. h5 Ng5 28. h6 Be4 29. Rh2 f5 30. hxg7 Kxg7 31. Qc7+ Rf7 32. Qd8 fxg4+ 33. Ke1 Qe5 34. Qh8+ 1-0

[Event "Niteroi op 1st"]
[Site "Niteroi"]
[Date "2019.09.04"]
[Round "1"]
[White "Raimundo, Airton Carlos Nunes"]
[Black "Marocco, Gabriel Leao Quadro"]
[Result "1-0"]
[WhiteElo "2028"]
[BlackElo "1133"]
[PlyCount "29"]
[EventDate "2019.09.04"]
[EventType "swiss"]
[EventRounds "7"]
[EventCountry "BRA"]
[SourceTitle "EXT 2020"]
[Source "ChessBase"]
[SourceDate "2019.10.17"]
[SourceVersion "1"]
[SourceVersionDate "2019.10.17"]
[SourceQuality "1"]

1. e4 e5 2. Nf3 Nc6 3. Bb5 Bc5 4. 0-0 d6 5. c3 Bd7 6. d4 exd4 7. cxd4 Bb6 8. Nc3 Nf6 9. Bg5 0-0 10. e5 h6 11. Bh4 g5 12. exf6 gxh4 13. Nd5 h3 14. Qd2 Kh7 15. Bd3+ 1-0

[Event "Florianopolis op 5th"]
[Site "Florianopolis"]
[Date "2019.01.25"]
[Round "7"]
[White "Feldmann, Jaciane Rocha"]
[Black "Marocco, Gabriel Leao Quadro"]
[Result "1/2-1/2"]
[WhiteElo "1347"]
[BlackElo "1762"]
[PlyCount "77"]
[EventDate "2019.01.21"]
[EventType "swiss"]
[EventRounds "10"]
[EventCountry "BRA"]
[SourceTitle "EXT 2020"]
[Source "ChessBase"]
[SourceDate "2019.10.17"]
[SourceVersion "1"]
[SourceVersionDate "2019.10.17"]
[SourceQuality "1"]

1. e4 d5 2. exd5 c6 3. dxc6 Nxc6 4. d3 e5 5. Nc3 Nf6 6. Nge2 Bb4 7. g3 Be6 8. Bg2 0-0 9. 0-0 Qd7 10. Bg5 Nh5 11. Ne4 Bh3 12. N2c3 Bxg2 13. Kxg2 Bxc3 14. Nxc3 g6 15. Ne4 Qf5 16. Qd2 Nd4 17. f4 exf4 18. Bxf4 Qd5 19. c4 Qc6 20. g4 Nf6 21. Rae1 Rfe8 22. Qe3 Nc2 23. Qe2 Nxe1+ 24. Rxe1 Nxe4 25. dxe4 f5 26. gxf5 gxf5 27. Qh5 Rxe4 28. Rxe4 Qxe4+ 29. Kg3 Qd3+ 30. Kh4 Qd8+ 31. Kg3 Qf6 32. Qe2 Qg7+ 33. Kf2 Qd4+ 34. Kg3 Qe4 35. Qh5 Rc8 36. Qg5+ Kf7 37. Qh5+ Ke6 38. Qh6+ Kd7 39. Qxh7+ 1/2-1/2